=LDR 00000nam 2200000 4500 =001 INLIS000000000009785 =005 20130612101550 =008 ***********************************Ind** =035 ##$$0010-061300000009785 =041 ##$$a Ind =082 ##$$a 657.42 =090 ##$$a 657.42, Asi c =100 ##$$a Asiyanto =245 ##$$a Construction Project Cost Management, Ir.Asiyanto, MBA, IPM =260 ##$$a 2003 $b Jakarta =300 ##$$a viii, 248 hlm, 23,5 cm =650 ##$$a Akuntansi Biaya =850 ##$$a NBPNMAT